Architecture for the Commons : Participatory Systems in the Age of Platforms /

Salvato in:
Dettagli Bibliografici
Autore principale: Sanchez, Jose (Autore)
Natura: Libro
Lingua:inglese
Pubblicazione: Abingdon : Routledge, 2021
New York : 2021
Edizione:1. vydanie
Soggetti:
Tags: Aggiungi Tag
Nessun Tag, puoi essere il primo ad aggiungerne!!

MARC

LEADER 00000nam a22000003a 4500
001 0087300
003 SK-STU
005 20210224191047.5
007 ta
008 210224s ----xo-----e------000-0-----d
020 |a 978-1-138-36236-9 
040 |a STU  |b slo 
041 0 |a eng 
044 |a xxk  |a xxu 
100 1 |a Sanchez, Jose  |4 aut 
245 1 0 |a Architecture for the Commons :  |b Participatory Systems in the Age of Platforms /  |c aut. Jose Sanchez 
250 |a 1. vydanie 
260 |a Abingdon :  |b Routledge,  |c 2021 
260 |a New York :  |b Routledge,  |c 2021 
300 |a 148 s. 
650 0 7 |a architektúra 
650 0 7 |a ekonomika 
650 0 7 |a sociálne a humanitné vedy 
650 0 7 |a digitálne technológie 
650 0 7 |a tektonika 
650 0 7 |a participácia 
996 |b 284AU08570  |c A* 11834/U  |l AAKNST  |s P  |a 0  |w 0087300_0001